Beliebteste Versicherungen - Statistiken

Allgemein
  • Dieses Quiz wurde 171 mal gespielt
  • Das Durchschnittsergebnis liegt bei 4 aus 15
Antwortstatistiken
Versicherungskunden
(in % der Befragten)
Versicherung % Korrekt
24,6% Allianz
91%
20,9% HUK Coburg
68%
12,4% ERGO / ERGO direkt
38%
8,9% Axa (Colonia/Nordstern)
30%
8,1% DEVK
21%
5,1% Debeka
20%
6,5% Generali
19%
12,3% R + V Versicherung
19%
6,6% Signal Iduna
19%
7,2% Provinzial Versicherung
18%
5,8% Gothaer Versicherung
17%
7,5% LVM
17%
16,5% ADAC
15%
5,2% Aachen Münchener
5%
5,2% SV Versicherungen
5%
Keine übereinstimmenden Quizze gefunden
Verteilung der Resultate
Anzahl Personen mit jedem Resultat
Perzentil nach korrekt beantworteten Fragen
Ihre Resultats-Entwicklung
Sie haben dieses Quiz noch nicht gespielt